000 00589nam a22001817a 4500
005 20211027131935.0
008 211027b ||||| |||| 00| 0 eng d
050 0 4 _a BR147.O43
_bO46 1956
100 1 _aOlmedo, Daniel
245 _aLa Iglesia Catolica en el mundo greco-romano /
_cDaniel Olmedo
250 _aprimera edición
260 _aMéxico :
_bJus,
_c1956.
300 _a xv, 362 p., ;
_bil. ;
_c23 cm.
440 _aManual de historia de la iglesia, ;
_vv. 1.
650 _aIglesia Católica
_xHistoria
650 _aManual de historia de la iglesia
942 _2lcc
_cLIB
999 _c158501
_d158499